LEADER 01254nam a2200241 i 4500 001 000000231572 003 CaOOAMICUS 005 20140804000000.0 008 140804s1807 it u000 u ita u 013 $a210475 026 $apio. o-UF n-i. dico (3) 1807 (A) 040 $aSeMil$bita 245 10$aDizionario storico degli autori arabi piu celebri e delle loro principali opere compilato dal dottore Giambernardo De-Rossi .. 260 $ain Firenze :$bDalla Stamperia imperiale,$c1807. 300 $aVIII, 196, [4] p. ;$c8°. 500 $aTimbro sul front. : Biblioteca del Consiglio di Stato, Regno d'Italia. 650 4$aAutori arabi - Enciclopedie e dizionari.$0(OLS)http://semarc/subject/41466 700 1 $aDe Rossi, Giovanni Bernardo,$d<1742-1831>.$0(OLS)http://semarc/name/13881 710 2 $aStamperia reale$b.$0(OLS)http://semarc/name/3029 850 $aSeMil 852 $aSeMil$W1$xVenegono$y1$m2W III 38 FA$j181918$B181918$CSeMilBibl$Z2$F192815 $8I 996 $6245$aDizionario storico degli autori arabi piu celebri e delle loro principali opere compilato dal dottore Giambernardo De-Rossi ..$9(OLS)http://semarc/title/330655 996 $6260$ain Firenze :$bDalla Stamperia imperiale$9(OLS)http://semarc/publisher/53913 LEADER 00764nam a2200205 i 4500 001 000000208002 003 CaOOAMICUS 005 20200713160147.0 008 111109s1821 it u000 u ita u 013 $a186785 026 $aE.DI a.za dite uose (3) 1821 (A) 040 $aSeMil$bita 245 10$aVol. 4. 300 $a120, [2] p., [1] carta di tav. :$bill. 700 1 $aGiordani, Pietro,$d<1774-1848>.$0(OLS)http://semarc/name/2933 773 0 $aGiordani, Pietro <1774-1848>$tOpere di Pietro Giordani.$dItalia [i.e. Modena] : [Pietro Brighenti], 1821-1827.$g4$w()25755 850 $aSeMil 852 $aSeMil$W1$xVenegono$y1$m1S III 21 FA$j158460$B158460$CSeMilBibl$Z2$F169640 $8I 996 $6245$aVol. 4$9(OLS)http://semarc/title/108694